Loading...
Literature - World/Other Literature | 0 | 2 | 0 | 0 | 20 | 59 | 80.00 | 1 | 1 |
Social Science | 0 | 2 | 0 | 0 | 20 | 50 | 67.50 | 1 | 1 |
Religion | 0 | 2 | 1 | 0 | 15 | 66 | 68.00 | 1 | 2 |
Other Academic | 0 | 1 | 0 | 0 | 10 | 43 | 43.00 | 0 | 1 |
Fine Arts - Other Fine Arts | 0 | 1 | 0 | 0 | 10 | 123 | 123.00 | 0 | 0 |
Mythology | 0 | 1 | 0 | 0 | 10 | 49 | 49.00 | 0 | 1 |
Fine Arts - Classical Music | 0 | 1 | 0 | 1 | 10 | 136 | 136.00 | 0 | 0 |
Pop Culture | 0 | 1 | 0 | 0 | 10 | 85 | 85.00 | 0 | 0 |
Science - Chemistry | 0 | 1 | 0 | 0 | 10 | 124 | 124.00 | 0 | 0 |
Science - Physics | 0 | 1 | 0 | 1 | 10 | 106 | 106.00 | 0 | 0 |
History - European History | 0 | 1 | 1 | 1 | 5 | 132 | 132.00 | 0 | 0 |
Fine Arts - Visual Fine Arts | 0 | 1 | 1 | 1 | 5 | 152 | 152.00 | 0 | 0 |
Science - Other Science | 0 | 1 | 1 | 0 | 5 | 122 | 122.00 | 0 | 0 |
History - American History | 0 | 0 | 1 | 0 | -5 | 0.00 | 0 | 0 | |
Philosophy | 0 | 0 | 1 | 0 | -5 | 0.00 | 0 | 0 |